|
|
|
|
| LEADER |
01161nam a22003492a 4500 |
| 001 |
001703214 |
| 003 |
CZ BrMZK |
| 005 |
20190821220745.0 |
| 007 |
ta |
| 008 |
190821s1982 xr er|||||||||||cze d |
| 015 |
|
|
|a cnb000002026
|
| 020 |
|
|
|q (Brož.)
|
| 035 |
|
|
|a (OCoLC)39595039
|
| 040 |
|
|
|a ABA001
|b cze
|d ABA001
|d BOA001
|
| 080 |
|
|
|a 323.27
|
| 080 |
|
|
|a 019.922
|
| 100 |
1 |
|
|a Kádnerová, Jiřina,
|d 1943-
|7 jk01052493
|4 aut
|
| 245 |
1 |
0 |
|a Únor 1948 ve Středočeském kraji :
|b soupis publikací a článků /
|c zprac. Jiřina Kádnerová, Eva Nová... [et al.]
|
| 260 |
|
|
|a Kladno :
|b Krajská knihovna,
|c 1982
|
| 300 |
|
|
|a 32 s. ;
|c 29 cm
|
| 490 |
1 |
|
|a Bibliografie. Velká řada ;
|v 88
|
| 500 |
|
|
|a Jmenný a místní rejstřík
|
| 500 |
|
|
|a Seznam excerpovaných periodik
|
| 500 |
|
|
|a Rozmn.
|
| 500 |
|
|
|a 310 výt.
|
| 655 |
|
7 |
|a výběrové bibliografie
|7 fd186981
|2 czenas
|
| 700 |
1 |
|
|a Nová, Eva,
|d 1931-
|7 jx20031130068
|4 aut
|
| 830 |
|
0 |
|a Bibliografie.
|p Velká řada
|
| 910 |
|
|
|a BOA001
|b X2-0858.430
|
| 990 |
|
|
|a BK
|
| 991 |
|
|
|b 201908
|
| 996 |
6 |
|
|b 2618827922
|c X2-0858.430
|l MZK
|r Sklad / do 24 hodin
|n 0
|w 001750105
|u 000010
|a 1
|e BOA001
|j MZK50
|s P
|